000 00212 a2200097 4500
001 14179
100 _aTurner F
245 _aPsychology for the classroom
260 _aLondon
_bMethuen
_c
090 _c11123
_d11123
942 _aNUST-CAE
_cM
_c1252
999 _c249252
_d249252